| 000 | 00596nam a2200205Ia 4500 | ||
|---|---|---|---|
| 001 | 16967 | ||
| 003 | GE_BSU | ||
| 008 | 181216s||||||||xx |||||||||||||| ||und|| | ||
| 040 | _cGE_BSU | ||
| 080 | _a821.353.1-11 | ||
| 100 | _aგვარიშვილი, ნანა | ||
| 245 | _aისტორიული პოემები | ||
| 245 | _cრედ.ხ.თავდგირიძე | ||
| 260 | _aბათუმი | ||
| 260 | _bაჭარა | ||
| 260 | _c1999 | ||
| 300 | _a67გვ. ; 17სმ. | ||
| 653 | _aისტორიული პოემები | ||
| 942 | _cBK | ||
| 999 |
_c50029 _d50029 |
||